Normal view
MARC view
Entry Personal Name
001 - CONTROL NUMBER
- control field: 30957
003 - CONTROL NUMBER IDENTIFIER
- control field: OSt
005 - DATE AND TIME OF LATEST TRANSACTION
- control field: 20251111124719.0
008 - FIXED-LENGTH DATA ELEMENTS
- fixed length control field: 251111|| aca||aabn | a|a d
040 ## - CATALOGING SOURCE
- Original cataloging agency: OSt
- Transcribing agency: OSt
100 ## - HEADING--PERSONAL NAME
- Personal name: Hamlet (Legendary character)
- Form subdivision: Drama.
670 ## - SOURCE DATA FOUND
- Source citation: Work cat.: (OSt): Shakespeare, William. 30956, Hamlet /, 2024.